000 01125nam a22003497a 4500
003 CHAP
005 20220329140725.0
008 971013s r 00010 d
010 _a56582
011 _a57554
035 _a61709
040 _cCHAP
090 _aR-1160
100 0 0 _aSingh, D.
_9106602
245 _aHistopathology of sunflower seeds infected by Alternaria tenuis
500 _aSobretiro de : Seed Science & Technology 5 : 579-586, 1977
590 _aBATCH-UPD
_b10
_c20130109
_lUCH01
_h2346
590 _aBATCH-UPD
_b10
_c20130110
_lUCH01
_h0828
590 _aBATCH-UPD
_b10
_c20130410
_lUCH01
_h0506
590 _aBATCH-UPD
_b10
_c20130914
_lUCH01
_h0249
590 _aCONVERSION
_b10
_c20130109
_lUCH01
_h1330
650 1 4 _aAlternaria tenuis.
_94685
650 1 4 _aGirasol
_xEnfermedades por hongos.
_948144
650 1 4 _aGirasol
_xSemilla.
_948175
650 1 4 _aSemillas
_xInfección.
_9103906
650 1 4 _aSemillas
_xInfección.
_9103906
700 0 _aMathur, S. B. M.
_973019
700 0 _aNeergaard, Paul.
_980692
901 _aBK
942 _cREIMP
949 _aR-1160
_bBC
_cR
_d-132510
_eTS1
_i61709
_si
999 _c56582
_d56582